Realisierung der Valenzstruktur von deutschen und ungarischen deverbalen Substantiven

Elmentve itt :
Bibliográfiai részletek
Szerzők: Bassola Péter
Bernáth Csilla
Dokumentumtípus: Könyv része
Megjelent: 1998
Sorozat:Acta germanica 6
Beiträge zur Nominalphrasensyntax 6
Kulcsszavak:Névszói mondat - összehasonlító
Tárgyszavak:
Online Access:http://acta.bibl.u-szeged.hu/2342
LEADER 00815naa a2200229 i 4500
001 acta2342
005 20220308091934.0
008 161015s1998 hu o 0|| ger d
022 |a 0238-079X 
040 |a SZTE Egyetemi Kiadványok Repozitórium  |b hun 
041 |a ger 
100 1 |a Bassola Péter 
245 1 0 |a Realisierung der Valenzstruktur von deutschen und ungarischen deverbalen Substantiven  |h [elektronikus dokumentum] /  |c  Bassola Péter 
260 |c 1998 
300 |a 173-196 
490 0 |a Acta germanica  |v 6 
490 0 |a Beiträge zur Nominalphrasensyntax  |v 6 
650 4 |a Bölcsészettudományok 
650 4 |a Nyelvek és irodalom 
695 |a Névszói mondat - összehasonlító 
700 0 1 |a Bernáth Csilla  |e aut 
856 4 0 |u http://acta.bibl.u-szeged.hu/2342/1/germanica_006_173-196.pdf  |z Dokumentum-elérés